[Event "Peterborough 4NCL Easter U2000 op"]
[Site "Peterborough"]
[Date "2024.03.29"]
[Round "1"]
[White "Hu, Junyan"]
[Black "Macphail, Kieran"]
[Result "0-1"]
[WhiteElo "1704"]
[BlackElo "1795"]
[PlyCount "96"]
[EventDate "2024.03.29"]
[EventType "swiss"]
[EventRounds "7"]
[EventCountry "ENG"]
[SourceTitle "CB14_2024"]
[SourceDate "2024.04.01"]
[SourceVersion "1"]
[SourceVersionDate "2024.04.01"]
[SourceQuality "1"]

1. e4 c5 2. Nf3 Nc6 3. d4 cxd4 4. Nxd4 Nf6 5. Nc3 e5 6. Ndb5 d6 7. Nd5 Nxd5 8. exd5 Nb8 9. a4 Be7 10. Be2 0-0 11. 0-0 Nd7 12. Bd2 a6 13. Na3 Nc5 14. Nc4 a5 15. c3 Bd7 16. b3 b6 17. Nb2 f5 18. b4 Ne4 19. b5 Rc8 20. Nc4 f4 21. f3 Nxd2 22. Qxd2 Bf5 23. Rac1 Qc7 24. Kh1 Bh4 25. Qa2 Qc5 26. Qa3 Bf2 27. Qxc5 Bxc5 28. g4 fxg3 29. hxg3 Bh3 30. Rfd1 Rf6 31. Bf1 Bf5 32. g4 Rh6+ 33. Kg2 Bg6 34. Bd3 Bxd3 35. Rxd3 Rf8 36. Ne3 Bxe3 37. c4 Bxc1 38. Rc3 Bf4 39. Rb3 Rh2+ 40. Kg1 Rc2 41. c5 Rxc5 42. Rd3 Rfc8 43. g5 Rc2 44. g6 hxg6 45. Kf1 Rh2 46. Ke1 Rh1+ 47. Ke2 Rc2+ 48. Rd2 Rxd2# 0-1

[Event "Hull 4NCL op-B"]
[Site "Hull"]
[Date "2023.09.08"]
[Round "1"]
[White "Macphail, Kieran"]
[Black "Tedd, Bernie"]
[Result "1/2-1/2"]
[WhiteElo "1666"]
[BlackElo "1948"]
[PlyCount "106"]
[EventDate "2023.09.08"]
[EventType "swiss"]
[EventRounds "5"]
[EventCountry "ENG"]
[SourceTitle "EXT 2024"]
[Source "ChessBase"]
[SourceDate "2023.10.10"]
[SourceVersion "1"]
[SourceVersionDate "2023.10.10"]
[SourceQuality "1"]

1. e4 d5 2. exd5 Qxd5 3. Nc3 Qa5 4. d4 Nf6 5. Nf3 Bf5 6. Ne5 c6 7. Bc4 e6 8. g4 Bg6 9. h4 Nbd7 10. Nxd7 Nxd7 11. h5 Be4 12. 0-0 Bd5 13. Nxd5 cxd5 14. Bd3 Qb6 15. c3 Bd6 16. Qe2 0-0-0 17. c4 Qxd4 18. Be3 Qe5 19. f4 Qxe3+ 20. Qxe3 Bc5 21. Kf2 Bxe3+ 22. Kxe3 dxc4 23. Bxc4 Nb6 24. Bb3 Kb8 25. Rfd1 Rxd1 26. Rxd1 Kc7 27. Ke4 Nd7 28. Rc1+ Kd6 29. Rd1+ Ke7 30. Rc1 Nf6+ 31. Kf3 Rd8 32. Rc7+ Rd7 33. Rc3 Nd5 34. Bxd5 Rxd5 35. Rc7+ Rd7 36. Rc3 f6 37. Ke4 h6 38. a4 a6 39. a5 Kd6 40. Rb3 b5 41. axb6 Kc6 42. g5 fxg5 43. fxg5 hxg5 44. Ke5 Rb7 45. Kxe6 g4 46. Kf5 a5 47. Kxg4 a4 48. Rb4 Kc5 49. Rxa4 Rxb6 50. b4+ Kd5 51. Ra5+ Ke6 52. b5 Kf7 53. Ra7+ Kg8 1/2-1/2

[Event "Daventry 4NCL Easter op-B 2nd"]
[Site "Daventry"]
[Date "2022.04.16"]
[Round "3"]
[White "Macphail, Kieran"]
[Black "Fellowes, Billy"]
[Result "1-0"]
[WhiteElo "1849"]
[BlackElo "1612"]
[PlyCount "75"]
[EventDate "2022.04.15"]
[EventType "swiss"]
[EventRounds "7"]
[EventCountry "ENG"]
[SourceTitle "CBM 207 Extra"]
[Source "ChessBase"]
[SourceDate "2022.05.31"]
[SourceVersion "1"]
[SourceVersionDate "2022.05.31"]
[SourceQuality "1"]

1. e4 Nc6 2. Nf3 d6 3. d4 Bg4 4. d5 Ne5 5. Nxe5 Bxd1 6. Bb5+ c6 7. dxc6 e6 8. c7+ Ke7 9. cxd8Q+ Rxd8 10. Nxf7 Kxf7 11. Kxd1 Nf6 12. Bg5 Be7 13. Nc3 d5 14. Bxf6 dxe4+ 15. Ke2 Bxf6 16. Rhd1 a6 17. Ba4 b5 18. Bb3 b4 19. Na4 Bd4 20. c3 bxc3 21. bxc3 Ba7 22. Rxd8 Rxd8 23. Rd1 Rxd1 24. Bxd1 Kf6 25. Bb3 Ke5 26. Nb2 Bc5 27. Nc4+ Kf4 28. Ne3 e5 29. h4 Bxe3 30. fxe3+ Kg3 31. c4 a5 32. c5 a4 33. Be6 g5 34. hxg5 h5 35. gxh6 Kh2 36. h7 a3 37. Kf2 Kh1 38. h8Q# 1-0

[Event "Harrogate 4NCL op-B 27th"]
[Site "Harrogate"]
[Date "2022.01.22"]
[Round "3"]
[White "Macphail, Kieran"]
[Black "McKerracher, Douglas"]
[Result "1/2-1/2"]
[WhiteElo "1761"]
[BlackElo "1875"]
[PlyCount "61"]
[EventDate "2022.01.21"]
[EventType "swiss"]
[EventRounds "5"]
[EventCountry "ENG"]
[SourceTitle "CBM 206 Extra"]
[Source "ChessBase"]
[SourceDate "2022.03.31"]
[SourceVersion "1"]
[SourceVersionDate "2022.03.31"]
[SourceQuality "1"]

1. e4 d5 2. exd5 Qxd5 3. Nc3 Qa5 4. d4 Nf6 5. Nf3 Bf5 6. Ne5 c6 7. Bc4 e6 8. g4 Bg6 9. h4 Be4 10. 0-0 Bd5 11. Nxd5 cxd5 12. Bd3 Nbd7 13. f4 Qc7 14. Qf3 g6 15. Bd2 a6 16. a4 Be7 17. a5 Rf8 18. Be1 Nb8 19. b4 Nc6 20. c3 Na7 21. Bc2 Nb5 22. Rc1 Rc8 23. f5 Nd7 24. Nxd7 Qxd7 25. f6 Bd6 26. Ba4 Qc7 27. Bd2 Kd8 28. Bxb5 axb5 29. Bf4 Bxf4 30. Qxf4 Qxf4 31. Rxf4 1/2-1/2

[Event "Leamington Spa 4NCL op-B 26th"]
[Site "Leamington Spa"]
[Date "2021.09.12"]
[Round "4"]
[White "Macphail, Kieran"]
[Black "Jacob, Sydney J"]
[Result "1/2-1/2"]
[WhiteElo "1756"]
[BlackElo "1923"]
[PlyCount "116"]
[EventDate "2021.09.10"]
[EventType "swiss"]
[EventRounds "5"]
[EventCountry "ENG"]
[SourceTitle "EXT 2023"]
[Source "ChessBase"]
[SourceDate "2022.10.05"]
[SourceVersion "1"]
[SourceVersionDate "2022.10.05"]
[SourceQuality "1"]

1. e4 c6 2. d4 d5 3. e5 c5 4. dxc5 Nc6 5. Nf3 Bg4 6. c3 e6 7. Be3 Bxf3 8. Qxf3 Nxe5 9. Bb5+ Nc6 10. Nd2 Nge7 11. Nb3 Qc7 12. 0-0 Ng6 13. c4 a6 14. Ba4 0-0-0 15. Bxc6 bxc6 16. cxd5 exd5 17. Qg4+ Qd7 18. Qa4 Qb7 19. Na5 Qb5 20. Qg4+ Rd7 21. b4 Ne7 22. a4 Qd3 23. Nb7 Nf5 24. Na5 Nxe3 25. fxe3 Qxe3+ 26. Kh1 h5 27. Qf5 Qe4 28. Nxc6 Qxf5 29. Rxf5 g6 30. Rf3 Bg7 31. Rb1 Re8 32. b5 Re6 33. Na5 axb5 34. axb5 Rde7 35. Rff1 Bc3 36. Nc6 Rc7 37. Rb3 Re1 38. Rxe1 Bxe1 39. Re3 Bh4 40. Rd3 Rxc6 41. bxc6 Kc7 42. Rxd5 Kxc6 43. Rd6+ Kxc5 44. Rd7 f6 45. Rg7 Kd5 46. Rxg6 Bg5 47. g3 h4 48. g4 Ke4 49. Kg2 Kf4 50. h3 f5 51. gxf5 Kxf5 52. Rg8 Kf4 53. Rf8+ Ke4 54. Ra8 Ke3 55. Kf1 Kf3 56. Ra3+ Ke4 57. Kf2 Bf6 58. Ra4+ Bd4+ 1/2-1/2

[Event "Leamington Spa 4NCL op-B 26th"]
[Site "Leamington Spa"]
[Date "2021.09.11"]
[Round "3"]
[White "Macphail, Kieran"]
[Black "Bussmann, John"]
[Result "1-0"]
[WhiteElo "1756"]
[BlackElo "1893"]
[PlyCount "65"]
[EventDate "2021.09.10"]
[EventType "swiss"]
[EventRounds "5"]
[EventCountry "ENG"]
[SourceTitle "EXT 2023"]
[Source "ChessBase"]
[SourceDate "2022.10.05"]
[SourceVersion "1"]
[SourceVersionDate "2022.10.05"]
[SourceQuality "1"]

1. e4 d6 2. d4 Nf6 3. Nc3 g6 4. Be3 c6 5. h3 b5 6. e5 Nfd7 7. Nf3 b4 8. Ne4 Qa5 9. exd6 exd6 10. Bd3 d5 11. Ng3 Bg7 12. 0-0 0-0 13. a3 f5 14. Bd2 Qc7 15. Bxb4 c5 16. dxc5 Nxc5 17. Bxc5 Qxc5 18. b4 Qb6 19. Rb1 Nd7 20. c4 dxc4 21. Bxc4+ Kh8 22. Re1 Nf6 23. Re7 Qc7 24. Ne5 Qb6 25. Nf7+ Kg8 26. Qe2 a5 27. Nh6+ Kh8 28. Rxg7 Kxg7 29. Qe7+ Kxh6 30. Qxf8+ Kg5 31. h4+ Kf4 32. Re1 Kg4 33. Qh6 1-0